| 000 | 00792 a2200205 4500 | ||
|---|---|---|---|
| 001 | 35825 | ||
| 005 | 20260407155637.0 | ||
| 008 | 260407a1973 arg spa d | ||
| 003 | AR-UNSa-BCEJYS | ||
| 040 |
_aAR-UNSa-BCEJYS _bspa _cAR-UNSa-BCEJYS |
||
| 080 |
_a658.310.8 _xGestión y administración de personal |
||
| 245 | 1 | 0 | _aLa movilidad del personal dentro de la empresa |
| 020 | _a84-309-0444-1 | ||
| 264 | 1 |
_aMadrid : _bTecnos _c1973 |
|
| 300 |
_a155 p. _c21 cm. |
||
| 505 | _a1. Introducción - 2. Movilidad del personal a inicitaiva del empresario -. Movlidad del personal a iniciiva del trabajador - 4. Movilidad del personal por razones sociales, la capacidad disminuida del trbajador | ||
| 942 | _cBK | ||
| 590 | _aniveau_biblio:m niveau_hierar:0 | ||
| 100 | 1 | _aSala Franco, Tomás | |
| 999 |
_c2585 _d2585 |
||